Loading...
| Philosophy | 0 | 7 | 0 | 0 | 70 | 87 | 107.43 | 0 | 1 | 0.00 | 0.00 |
| Science - Chemistry | 0 | 9 | 4 | 0 | 70 | 79 | 101.67 | 1 | 5 | 0.00 | 0.00 |
| Literature - American | 0 | 7 | 2 | 0 | 60 | 23 | 117.14 | 1 | 2 | 0.00 | 0.00 |
| Literature - World | 0 | 7 | 3 | 1 | 55 | 81 | 117.71 | 1 | 3 | 0.00 | 0.00 |
| Science - Biology | 0 | 6 | 1 | 0 | 55 | 65 | 100.00 | 1 | 2 | 0.00 | 0.00 |
| History - European | 0 | 4 | 0 | 1 | 40 | 77 | 103.50 | 0 | 2 | 0.00 | 0.00 |
| Mythology | 0 | 3 | 0 | 0 | 30 | 49 | 96.33 | 1 | 1 | 0.00 | 0.00 |
| History - Other | 0 | 3 | 0 | 0 | 30 | 80 | 123.33 | 0 | 1 | 0.00 | 0.00 |
| Literature - British | 0 | 5 | 4 | 1 | 30 | 94 | 125.20 | 0 | 0 | 0.00 | 0.00 |
| Literature - European | 0 | 5 | 4 | 2 | 30 | 97 | 127.60 | 1 | 3 | 0.00 | 0.00 |
| Other Academic | 0 | 2 | 0 | 0 | 20 | 71 | 91.00 | 0 | 0 | 0.00 | 0.00 |
| Fine Arts - Other | 0 | 2 | 1 | 0 | 15 | 25 | 75.50 | 1 | 1 | 0.00 | 0.00 |
| Science - Physics | 0 | 2 | 1 | 0 | 15 | 100 | 107.50 | 0 | 0 | 0.00 | 0.00 |
| Fine Arts - Classical Music | 0 | 1 | 0 | 0 | 10 | 148 | 148.00 | 0 | 0 | 0.00 | 0.00 |
| Social Science | 0 | 1 | 1 | 0 | 5 | 118 | 118.00 | 0 | 0 | 0.00 | 0.00 |
| History - American | 0 | 1 | 1 | 1 | 5 | 145 | 145.00 | 0 | 0 | 0.00 | 0.00 |
| Current Events | 0 | 0 | 0 | 0 | 0 | 0.00 | 0 | 0 | 0.00 | 0.00 | |
| Religion | 0 | 0 | 1 | 0 | -5 | 0.00 | 0 | 0 | 0.00 | 0.00 | |
| History - World | 0 | 0 | 1 | 0 | -5 | 0.00 | 0 | 0 | 0.00 | 0.00 | |
| Fine Arts - Painting & Sculpture | 0 | 0 | 1 | 0 | -5 | 0.00 | 0 | 0 | 0.00 | 0.00 | |
| Geography | 0 | 0 | 2 | 0 | -10 | 0.00 | 0 | 0 | 0.00 | 0.00 |